| Поле | Инд. | ПП | Название | Значение |
|---|---|---|---|---|
| Тип записи | a | |||
| Библиографический уровень | b | |||
| 001 | Контрольный номер | RU/IS/BASE/148578605 | ||
| 005 | Дата корректировки | 20200630193222.4 | ||
| 084 | a | Индекс другой классификации/Индекс ББК | 60.523; 71в; 30.18 | |
| 100 | 1_ | a | Автор | Томбу Д. В. |
| 245 | a | Заглавие | Некоторые социокультурные проблемы дизайна в России | |
| 504 | a | Библиография | Библиогр. ссылки | |
| 520 | a | Аннотация | В статье рассматривается понятие "дизайн", дается социокультурный анализ дизайна | |
| 650 | a | Основная рубрика | культурология | |
| a | Основная рубрика | социология | ||
| a | Основная рубрика | социология культуры | ||
| a | Основная рубрика | техника | ||
| a | Основная рубрика | техническая эстетика | ||
| a | Основная рубрика | философия | ||
| 653 | a | Ключевые слова | дизайн | |
| a | Ключевые слова | культура | ||
| a | Ключевые слова | промышленное искусство | ||
| a | Ключевые слова | Россия | ||
| a | Ключевые слова | русская культура | ||
| a | Ключевые слова | социокультурный анализ | ||
| a | Ключевые слова | философия культуры | ||
| a | Ключевые слова | формы культуры | ||
| 773 | t | Заглавие источника | Вестник Московского университета. Серия 18, Социология и политология | |
| d | Дата издания источника | 2002 | ||
| g | Прочая информация | № 1. - С. 165 - 173 | ||
| w | Контрольный № источника | RU/IS/BASE/148577933 | ||
| 901 | t | Тип документа | b |